000 00239nam a22000857a 4500
008 170626b xxu||||| |||| 00| 0 eng d
100 _93706
_aSiddiqui. S. A
245 _aComprehensive Accountancy XI
260 _aNew Delhi
_bLaxmi Publication
_c2009
999 _c7127
_d7127